investing in stock markets (Record no. 991)

MARC details
000 -LEADER
fixed length control field 00437nam a22001697a 4500
003 - CONTROL NUMBER IDENTIFIER
control field OSt
005 - DATE AND TIME OF LATEST TRANSACTION
control field 20240302120249.0
008 - FIXED-LENGTH DATA ELEMENTS--GENERAL INFORMATION
fixed length control field 240302b |||||||| |||| 00| 0 eng d
040 ## - CATALOGING SOURCE
Transcribing agency marathi
100 ## - MAIN ENTRY--PERSONAL NAME
Personal name tripathi,vanita
245 ## - TITLE STATEMENT
Title investing in stock markets
260 ## - PUBLICATION, DISTRIBUTION, ETC.
Place of publication, distribution, etc. new delhi
Name of publisher, distributor, etc. Taxman
Date of publication, distribution, etc. 2022
300 ## - PHYSICAL DESCRIPTION
Extent 247
Other physical details HB
500 ## - GENERAL NOTE
General note hritik wankhede
653 ## - INDEX TERM--UNCONTROLLED
Uncontrolled term economics, stocks markerts , budget, investments
942 ## - ADDED ENTRY ELEMENTS (KOHA)
Source of classification or shelving scheme Dewey Decimal Classification
Koha item type Book
Suppress in OPAC No
Holdings
Withdrawn status Lost status Source of classification or shelving scheme Damaged status Not for loan Collection Home library Current library Date acquired Cost, normal purchase price Total checkouts Barcode Date last seen Price effective from Koha item type
    Dewey Decimal Classification     Text Book Main Branch Main Branch 01/02/2022 450.00   15200 03/02/2024 03/02/2024 Book